| 000 | 00383nam a2200157Ia 4500 | ||
|---|---|---|---|
| 005 | 20250317021229.0 | ||
| 008 | 240331s9999 xx 000 0 und d | ||
| 020 | _a9555911002 | ||
| 082 |
_bAYI _a891 |
||
| 100 | _aAyithmathaw,C | ||
| 245 | 0 | _aMaha purusha kanthawak | |
| 260 |
_aRajagiriya _bKurulu Books |
||
| 300 | _a140 p ., | ||
| 500 | _aStory of a Historical lady | ||
| 942 | _cL | ||
| 999 |
_c5344 _d5344 |
||